000 00590nam a2200181Ia 4500
008 090124s9999 xx 000 0 und d
082 _b26007
_a1671
100 _aगाला ध. रा.
245 _a स्थूलतेतून स्फूर्तीकडे
250 _a1
260 _c1988
300 _a175
600 _aगाला ध. रा.
630 _a स्थूलतेतून स्फूर्तीकडे
700 _aगाला ध. रा.
730 _a स्थूलतेतून स्फूर्तीकडे
942 _cBOOK
999 _c139492
_d139492